skbl

Dr Suryya Kumar Bhuyan Library Web-OPAC
ডঃ সূৰ্য্য
কুমাৰ ভূঞা পুথিভঁৰাল ৱেব-অ'পেক

All Research Scholars are advised to clear the annual library fees to continue using Library Resources, Remote Access, Plagiarism Test and Library Clearance.

Cotton University Book Fair 2026

Information Technology And Distance Education (Record no. 55114)

MARC details
000 -LEADER
fixed length control field 00619nam a2200193Ia 4500
001 - CONTROL NUMBER
control field 55178
008 - FIXED-LENGTH DATA ELEMENTS--GENERAL INFORMATION
fixed length control field 120801n ii |||gr||||Z||||||465
020 ## - INTERNATIONAL STANDARD BOOK NUMBER
International Standard Book Number 9788176256919
082 ## - DEWEY DECIMAL CLASSIFICATION NUMBER
Classification number 370.11
245 #0 - TITLE STATEMENT
Title Information Technology And Distance Education
Statement of responsibility, etc. B.C.Mahapatra & Kaushal Sharma
Medium Textual Documents
250 ## - EDITION STATEMENT
Edition statement Ist ed.
260 ## - PUBLICATION, DISTRIBUTION, ETC.
Place of publication, distribution, etc. New Delhi:
Name of publisher, distributor, etc. Sarup Book Publishers Pvt. Ltd,
Date of publication, distribution, etc. 2010.
300 ## - PHYSICAL DESCRIPTION
Extent 259pg:
Dimensions 23cm.
653 ## - INDEX TERM--UNCONTROLLED
Uncontrolled term Information Technology - Distance Education
653 ## - INDEX TERM--UNCONTROLLED
Uncontrolled term G- Education
653 ## - INDEX TERM--UNCONTROLLED
Uncontrolled term Dept- Education
700 ## - ADDED ENTRY--PERSONAL NAME
Personal name Mahapatra , B.C & Sharma, Kaushal .,
Relator term Author.,
942 ## - ADDED ENTRY ELEMENTS (KOHA)
Source of classification or shelving scheme Dewey Decimal Classification
Koha item type Books
Holdings
Withdrawn status Lost status Damaged status Not for loan Collection Home library Current library Shelving location Date acquired Source of acquisition Coded location qualifier Cost, normal purchase price Total checkouts Full call number Barcode Date last seen Copy number Price effective from Koha item type Public note
          Dr. Suryya Kumar Bhuyan Library Dr. Suryya Kumar Bhuyan Library   01/08/2012 ED 00000 850.00   370.11 Ma 277 In 1329/Edn 14/01/2024 2 01/08/2012 Books ED
          Dr. Suryya Kumar Bhuyan Library Dr. Suryya Kumar Bhuyan Library   01/08/2012 ED 00000 850.00   370.11 Ma 277 In 1328/Edn 14/01/2024 1 01/08/2012 Books ED

Designed and Maintained by Team SKBL
©1901-2026

Powered by Koha